Taylor Swift song - one word at the time #12 - Statistics

General Stats
  • This quiz has been taken 24 times
  • The average score is 277 of 387
Answer Stats
Answer % Correct
love
100%
I
94%
I
94%
I'm
94%
I've
94%
you
94%
You
94%
do
89%
in
89%
it
89%
me
89%
so
89%
the
89%
The
89%
when
89%
your
89%
a
83%
an
83%
He
83%
he
83%
he'd
83%
read
83%
for
78%
it's
78%
like
78%
you're
78%
and
72%
And
72%
as
72%
broken
72%
But
72%
but
72%
can
72%
day
72%
down
72%
heart
72%
her
72%
him
72%
make
72%
mind
72%
my
72%
She's
72%
There
72%
was
72%
with
72%
all
67%
All
67%
am
67%
breath
67%
did
67%
didn't
67%
die
67%
every
67%
good
67%
his
67%
I'm
67%
know
67%
life
67%
night
67%
of
67%
real
67%
said
67%
show
67%
that
67%
The Tortured Poets Department
67%
They
67%
this
67%
too
67%
act
61%
art
61%
art.
61%
Babe
61%
bitch
61%
come
61%
cry
61%
depressed
61%
even
61%
fake
61%
four
61%
having
61%
left
61%
lights
61%
Lights
61%
more
61%
obsessed
61%
One
61%
one
61%
shit
61%
short
61%
three
61%
time
61%
two
61%
wanna
61%
winning
61%
avoids
56%
been
56%
birthday
56%
breaking
56%
camera
56%
Cause
56%
chanting
56%
crowd
56%
floor
56%
glittering
56%
gotta
56%
grinning
56%
handle
56%
hit
56%
hitting
56%
hold
56%
keep
56%
kid
56%
lot
56%
marks
56%
pass
56%
pieces
56%
productive
56%
quite
56%
shattered
56%
smile
56%
thing
56%
til
56%
tough
56%
Try
56%
doing
50%
drawers
50%
finding
50%
I Can Do It With a Broken Heart
50%
imagine
50%
job
50%
knows
50%
miles
50%
miserable
50%
nobody
50%
off
50%
plague
50%
prime
50%
since
50%
sure
50%
test
50%
things
50%
whole
50%
evidence
44%
silhouette
44%
stars
44%
stilettos
44%
Crucial
39%
lies
39%
sequin
39%
refract
33%
No matching quizzes found
Score Distribution
Percent of People with Each Score
Percentile by Number Answered
Your Score History
You have not taken this quiz